Female Track and Field World record holders - Statistics

General Stats
  • This quiz has been taken 18 times
  • The average score is 7 of 24
Answer Stats
Hint Record Answer % Correct
100 m 10.49 Florence Griffith-Joyner
94%
200 m 21.34 Florence Griffith-Joyner
94%
4x100 m relay 40.82 USA
76%
Heptathlon 7291 pts Jackie Joyner-Kersee
59%
400 m 47.60 Marita Koch
53%
100 m hurdles 12.20 Kendra Harrison
41%
1500 m 3:50.07 Genzebe Dibaba
29%
800 m 1:53.28 Jarmila Kratochvílová
29%
4x400 m relay 3:15.17 Soviet Union
29%
400 m hurdles 52.16 Dalilah Muhammad
24%
High Jump 2.09 m Stefka Kostadinova
24%
5000 m 14:11.15 Tirunesh Dibaba
24%
Javelin throw 72.28 m Barbora Špotáková
18%
Pole Vault 5.06 m Yelena Isinbayeva
18%
10000 m 29:17.45 Almaz Ayana
12%
Hammer throw 82.98 m Anita Włodarczyk
12%
3000 m steeplechase 8:44.32 Beatrice Chepkoech
12%
Marathon (mixed gender race) 2:14.04 Brigid Kosgei
6%
Discus throw 76.80 m Gabriele Reinsch
6%
Long Jump 7.52 m Galina Chistyakova
6%
Triple jump 15.50 m Inessa Kravets
6%
Marathon (women only race) 2:17:01 Mary Jepkosgei Keitany
6%
Shot put 22.63 m Natalya Lisovskaya
6%
20 km walk 1:24:38 Liu Hong
0%
No matching quizzes found
Score Distribution
Percent of People with Each Score
Percentile by Number Answered
Your Score History
You have not taken this quiz